• 首页
  • 本馆介绍
  • 公告通知
  • 最新文献
  • 馆藏检索
  • 电子资源
  • 读者导购
  • 参考咨询
  • 我的图书馆
  • 登录
  • 详细信息显示
  • 放入我的书架
  • 预约/预借图书
  • 作者相关作品
  • 分类相关作品
  • 丛书相关作品
  • 出版社相关作品

书目信息

  • 表格格式
  • 工作单格式
  • 卡片格式
题名:
1848年罗马尼亚革命
    
 
作者: 韩承文 , 徐云霞 编著
分册:  
出版信息: 北京   商务印书馆  1979
页数: 48页
开本: 19cm
丛书名: 外国历史小丛书
单 册:
中图分类: K542.33
科图分类:
主题词: 资产阶级民主革命--历史--罗马尼亚--1848
电子资源:
ISBN:
000 00724nam2 2200253 45
001 0179006973
005 20060801163314.85
010    @dCNY0.12
091    @aCN@b11017.462
100    @a19950725d1979 em y0chiy0121 ea
101 0  @achi
102    @aCN@b110000
105    @af z 000yy
200 10 @a1848年罗马尼亚革命@A1848 nian luo ma ni ya ge ming@f韩承文,徐云霞编著
210    @a北京@c商务印书馆@d1979
215    @a48页@c图@d19cm
225 2  @a外国历史小丛书
410  0 @120010@a外国历史小丛书
606    @a资产阶级民主革命@x历史@y罗马尼亚@z1848
690    @aK542.33@v3
701  0 @a韩承文@Ahan cheng wen@4编著
701  0 @a徐云霞@Axu yun xia@4编著
801  0 @aCN@bTSSF@c20060801
905    @a10447@dK542.33@e4
    
    1848年罗马尼亚革命/韩承文,徐云霞编著.-北京:商务印书馆,1979
    48页:图;19cm.-(外国历史小丛书)
    
    
    ISBN :CNY0.12
    
●
相关链接 在E读中查询图书 在五车中查询图书 在当当中查询图书 在豆瓣中查询图书


正题名:1848年罗马尼亚革命     索取号:K542.33/4         预约/预借

序号 登录号 条形码 馆藏地/架位号 状态 备注
1 0444101   204441014   密集书库/ [索取号:K542.33/4] 在馆    
2 0465540   204655408   密集书库/ [索取号:K542.33/4] 在馆    
3 0466293   204662935   密集书库/ [索取号:K542.33/4] 在馆    
唐山师范学院图书馆 欢迎您!
大连网信软件有限公司© 版权所有